|
|
|
|
| LEADER |
02107nam a2200529 i 4500 |
| 001 |
nkc20152695826 |
| 003 |
CZ PrNK |
| 005 |
20150714143653.0 |
| 007 |
ta |
| 008 |
150423s2015 xr e l 001 0 cze |
| 015 |
|
|
|a cnb002695826
|
| 020 |
|
|
|a 978-80-7478-817-8
|q (brožováno)
|
| 035 |
|
|
|a (OCoLC)913564248
|
| 040 |
|
|
|a ABA001
|b cze
|e rda
|
| 043 |
|
|
|a e-xr---
|
| 072 |
|
7 |
|a 351
|x Úkoly veřejné správy, správní opatření, legislativa
|2 Konspekt
|9 15
|
| 080 |
|
|
|a 351.78:004.7
|2 MRF
|
| 080 |
|
|
|a (437.3)
|2 MRF
|
| 080 |
|
|
|a (094.5)
|2 MRF
|
| 080 |
|
|
|a (0.072)
|2 MRF
|
| 100 |
1 |
|
|a Maisner, Martin,
|d 1959-
|7 ola2011635012
|4 cwt
|
| 245 |
1 |
0 |
|a Zákon o kybernetické bezpečnosti :
|b komentář /
|c Martin Maisner, Barbora Vlachová
|
| 250 |
|
|
|a Vydání první
|
| 264 |
|
1 |
|a Praha :
|b Wolters Kluwer,
|c 2015
|
| 300 |
|
|
|a xii, 219 stran ;
|c 23 cm
|
| 336 |
|
|
|a text
|b txt
|2 rdacontent
|
| 337 |
|
|
|a bez média
|b n
|2 rdamedia
|
| 338 |
|
|
|a svazek
|b nc
|2 rdacarrier
|
| 490 |
1 |
|
|a Komentáře Wolters Kluwer
|
| 500 |
|
|
|a Právní stav publikace je k 30.4.2015
|
| 504 |
|
|
|a Obsahuje bibliografii, bibliografické odkazy a rejstřík
|
| 505 |
2 |
0 |
|t Zákon č. 181/2014 Sb., ze dne 23. července 2014, o kybernetické bezpečnosti a o změně souvisejících zákonů (Zákon o kybernetické bezpečnosti)
|
| 650 |
0 |
7 |
|a kybernetická bezpečnost
|7 ph716242
|z Česko
|2 czenas
|
| 650 |
0 |
9 |
|a cyber security
|z Czechia
|2 eczenas
|
| 655 |
|
7 |
|a zákony
|7 fd133886
|2 czenas
|
| 655 |
|
7 |
|a komentáře
|7 fd132578
|2 czenas
|
| 655 |
|
9 |
|a laws
|2 eczenas
|
| 655 |
|
9 |
|a commentaries
|2 eczenas
|
| 700 |
1 |
|
|a Vlachová, Barbora,
|d 1988-
|7 jo2015857759
|4 cwt
|
| 710 |
1 |
2 |
|a Česko.
|t Zákon o kybernetické bezpečnosti (2014)
|7 kon2015853303
|4 aut
|
| 830 |
|
0 |
|a Komentáře (Wolters Kluwer ČR)
|0 s
|
| 910 |
2 |
|
|a BOA001
|b 2-1348.430
|
| 990 |
|
|
|a BK
|
| 995 |
|
|
|a 01
|
| 991 |
|
|
|b 201506
|c NOV
|e n
|
| 996 |
6 |
|
|b 2610634885
|c 2-1348.430
|l MZK
|r Sklad / do 1 hodiny
|n 9
|p p.v.
|w 001507331
|u 000010
|a 1
|e BOA001
|j MZK50
|s P
|
| 996 |
7 |
|
|b 2610637068
|c 2-1348.430
|l Vol.výběr
|r VV 0p
|n 29
|p kup
|h 35 MAI
|w 001507331
|u 000020
|a 0
|e BOA001
|j MZK50
|s A
|